书目信息 |
| 题名: |
无源房屋
|
|
| 作者: | 刘令湘 编译 | |
| 分册: | ||
| 出版信息: | 北京 中国建筑工业出版社 2010.07 |
|
| 页数: | 114页 | |
| 开本: | 26cm | |
| 丛书名: | ||
| 单 册: | ||
| 中图分类: | TU201.5 | |
| 科图分类: | ||
| 主题词: | 节能--jie neng--建筑设计 | |
| 电子资源: | ||
| ISBN: | 978-7-112-11881-6 | |
| 000 | 00899nam0 2200253 450 | |
| 001 | CAL 012010201886 | |
| 005 | 20191031125328.31 | |
| 010 | @a978-7-112-11881-6@dCNY48.00 | |
| 100 | @a20111101d2010 em y0chiy50 ea | |
| 101 | 0 | @achi |
| 102 | @aCN@b110000 | |
| 105 | @aak z 000yy | |
| 200 | 1 | @a无源房屋@Awu yuan fang wu@e能量效益最佳建筑@f刘令湘编译 |
| 210 | @a北京@c中国建筑工业出版社@d2010.07 | |
| 215 | @a114页@c图 (部分彩图)@d26cm | |
| 312 | @a德文题名取自封面 | |
| 330 | @a本书主要内容包括:无源房屋基础,无源房屋建筑围护结构及细节,无源房屋的窗户,热桥,密封,建造技术,质量保证,无源房屋建筑举例,关于无源房屋的书籍等。 | |
| 510 | 1 | @aPassivhaus@zger |
| 517 | 1 | @a能量效益最佳建筑@Aneng liang xiao yi zui jia jian zhu |
| 606 | 0 | @a节能@Ajie neng@x建筑设计 |
| 690 | @aTU201.5@v5 | |
| 701 | 0 | @a刘令湘@Aliu ling xiang@4编译 |
| 801 | 0 | @aCN@c20111101 |
| 905 | @dTU201.5@eL640@f5 | |
| 无源房屋:能量效益最佳建筑/刘令湘编译.-北京:中国建筑工业出版社,2010.07 |
| 114页:图 (部分彩图);26cm |
| ISBN 978-7-112-11881-6:CNY48.00 |
| 本书主要内容包括:无源房屋基础,无源房屋建筑围护结构及细节,无源房屋的窗户,热桥,密封,建造技术,质量保证,无源房屋建筑举例,关于无源房屋的书籍等。 |
| ● |
| 相关链接 |
|
|
|
正题名:无源房屋
索取号:TU201.5/L640
 
预约/预借
| 序号 | 登录号 | 条形码 | 馆藏地/架位号 | 状态 | 备注 |
| 1 | 1058761 | 210587612 | 建筑库101/101建筑库 37排4列2层/ [索取号:TU201.5/L640] | 在馆 | |
| 2 | 1058762 | 210587621 | 建筑库101/101建筑库 37排4列2层/ [索取号:TU201.5/L640] | 在馆 | |
| 3 | 1058763 | 210587630 | 建筑库101/101建筑库 37排4列2层/ [索取号:TU201.5/L640] | 在馆 | |
| 4 | 1058764 | 210587649 | 建筑库101/101建筑库 37排4列2层/ [索取号:TU201.5/L640] | 在馆 | |
| 5 | 1058765 | 210587658 | 建筑库101/101建筑库 37排4列2层/ [索取号:TU201.5/L640] | 在馆 | |
| 6 | 1449032 | 214490326 | 建筑库101/101建筑库 37排4列2层/ [索取号:TU201.5/L640] | 在馆 | |
| 7 | 1449033 | 214490335 | 建筑库101/101建筑库 37排4列2层/ [索取号:TU201.5/L640] | 在馆 | |
| 8 | 1449034 | 214490344 | 建筑库101/101建筑库 37排4列2层/ [索取号:TU201.5/L640] | 在馆 | |
| 9 | 1449035 | 214490353 | 建筑库101/101建筑库 37排4列2层/ [索取号:TU201.5/L640] | 在馆 | |
| 10 | 1449036 | 214490362 | 建筑库101/101建筑库 37排4列2层/ [索取号:TU201.5/L640] | 在馆 | |
| 11 | 1449037 | 214490371 | 建筑库101/101建筑库 37排4列2层/ [索取号:TU201.5/L640] | 在馆 | |
| 12 | 496448 | 204964486 | 能源与建筑环境工程学院资料室/ [索取号:TU201.5/L640] | 在馆 |